Two Minutes of 'ELL' Quiz Stats

 Plays Quiz Updated Feb 27, 2015

Challenge
Share
Tweet
Embed
Score 0/20 Timer 02:00
6 Plays Today
% Correct
smell
91%
yell
90.6%
cell
89.9%
shell
89.6%
tell
88.8%
dwell
88.5%
farewell
88%
well
86.6%
jell
86%
hell
85.7%
% Correct
spell
84.6%
dumbbell
84.3%
quell
81.5%
bell
77.9%
fell
71.5%
pell-mell
68.7%
bombshell
66.3%
groundswell
65.8%
dell
65.6%
knell
61.7%

You're not logged in!

Compare scores with friends on all Sporcle quizzes.
Join for Free
OR
Log In

You Might Also Like...

Show Comments

Extras

Top Quizzes Today


Score Distribution

Your Account Isn't Verified!

In order to create a playlist on Sporcle, you need to verify the email address you used during registration. Go to your Sporcle Settings to finish the process.

Report this User

Report this user for behavior that violates our Community Guidelines.

Details: